Countries of South America, but Invisible? - Statistics

General Stats
  • This quiz has been taken 31 times
  • The average score is 11 of 12
Answers on the Map
Answers color-coded by a green-red scale on the quiz's map according to % correct below.
 
Answer Stats
Answer % Correct
Argentina
100%
Brazil
100%
Chile
100%
Colombia
100%
Paraguay
96%
Peru
96%
Bolivia
93%
Ecuador
89%
Suriname
89%
Uruguay
89%
Venezuela
89%
Guyana
81%
No matching quizzes found
Score Distribution
Percent of People with Each Score
Percentile by Number Answered
Your Score History
You have not taken this quiz